000
00333nam a2200145Ia 4500
008
230718s9999 xx 000 0 und d
041
_a
Eng.
082
_a
320
_b
CUR-N
100
_a
Curtis, Richard
245
0
_a
Non-Resident Trisi
260
_a
Pakistan
_b
Sweel and Maxwell
_c
2000
300
_a
378
650
_a
Law
999
_c
26382
_d
26382